Elements of power system analysis (Record no. 3209)

000 -LEADER
fixed length control field 00596nam a2200217 a 4500
001 - CONTROL NUMBER
control field 3209
003 - CONTROL NUMBER IDENTIFIER
control field BD-DhUET
008 - FIXED-LENGTH DATA ELEMENTS--GENERAL INFORMATION
fixed length control field 810331s1982 nyua 001 0 eng
020 ## - INTERNATIONAL STANDARD BOOK NUMBER
International Standard Book Number 0070612781
020 ## - INTERNATIONAL STANDARD BOOK NUMBER
International Standard Book Number 007061279X
040 ## - CATALOGING SOURCE
Original cataloging agency DLC
Transcribing agency DLC
Modifying agency BD-DhUET
082 00 - DEWEY DECIMAL CLASSIFICATION NUMBER
Classification number 623.12
Item number STE/1982
100 1# - MAIN ENTRY--PERSONAL NAME
Personal name Stevenson, William D.
245 10 - TITLE STATEMENT
Title Elements of power system analysis
250 ## - EDITION STATEMENT
Edition statement 4th ed.
260 ## - PUBLICATION, DISTRIBUTION, ETC. (IMPRINT)
Place of publication, distribution, etc. New York
Name of publisher, distributor, etc. McGraw-Hill
Date of publication, distribution, etc. 1982
300 ## - PHYSICAL DESCRIPTION
Extent xii, 436 p.
Other physical details ill.
Dimensions 25 cm.
490 ## - SERIES STATEMENT
Series statement McGRAW-HILL series in electrical engineering
650 #0 - SUBJECT ADDED ENTRY--TOPICAL TERM
Topical term or geographic name as entry element Electric power system stability
942 ## - ADDED ENTRY ELEMENTS (KOHA)
Koha item type General Book
Holdings
Koha date last borrowed Koha normalized classification for sorting Damaged status Location (home branch) Koha issues (times borrowed) Date acquired Koha item type Not for loan Sublocation or collection (holding branch) Lost status Withdrawn status Copy number Koha full call number Piece designation (barcode) Price effective from Source of classification or shelving scheme Koha date last seen Koha renewals Shelving location
2021-09-27623_120000000000000_STE_1982 Central Library, BUET522014-10-22General Book Central Library, BUET  1623.12/STE/19821103132014-10-22 2021-09-27 Circulation section
 623_120000000000000_STE_1982 Central Library, BUET 2015-02-10General Book Central Library, BUET  2623.12/STE/1982691782015-02-10 2015-02-10 Circulation section
2021-08-31623_120000000000000_STE_1982 Central Library, BUET222015-02-11General Book Central Library, BUET  3623.12/STE/198278208 2015-02-11 2021-08-312Circulation section
 623_120000000000000_STE_1982 Central Library, BUET 2015-06-24Reading Item Central Library, BUET  4623.12/STE/1982673862015-06-24 2015-06-24 Reading section
 623_120000000000000_STE_1982 Central Library, BUET 2015-06-24Reading Item Central Library, BUET  5623.12/STE/1982673842015-06-24 2015-06-24 Reading section
 623_120000000000000_STE_1982 Central Library, BUET 2015-06-24Reading Item Central Library, BUET  6623.12/STE/1982673852015-06-24 2015-06-24 Reading section
 623_120000000000000_STE_1982 Central Library, BUET 2015-06-24Reading Item Central Library, BUET  7623.12/STE/1982639052015-06-24 2015-06-24 Reading section
 623_120000000000000_STE_1982 Central Library, BUET 2015-06-25Reading Item Central Library, BUET  8623.12/STE/1982639062015-06-25 2015-06-25 Reading section
 623_120000000000000_STE_1982 Central Library, BUET 2015-06-25Reading Item Central Library, BUET  9623.12/STE/1982639072015-06-25 2015-06-25 Reading section
 623_120000000000000_STE_1982 Central Library, BUET 2015-06-28Reading Item Central Library, BUET  10623.12/STE/1982639082015-06-28 2015-06-28 Reading section